| 000 | 00507nam a2200181Ia 4500 | ||
|---|---|---|---|
| 003 | OSt | ||
| 005 | 20260326085330.0 | ||
| 008 | 211028s2007 xx 000 0 und d | ||
| 040 | _cAIMIT LIBRARY | ||
| 041 | _aeng | ||
| 082 | _a658.15 KUMR | ||
| 100 |
_aKumar K, Rohith;Tauro, Lavina. _g50971369 _95788 |
||
| 245 | _aA study on risk and return of nse market taking s and p cnx nifty index / | ||
| 260 |
_bTauro, Lavina _c2007 |
||
| 600 |
_aFinance _95789 |
||
| 650 |
_aFinance _95790 |
||
| 942 |
_2ddc _cPRO |
||
| 999 |
_c218021 _d218021 |
||